000 00796nam a2200241 i 4500
001 12398
003 ES-MaACL
005 20240430133245.0
007 t|
008 921015s1989 sp |||| | spa d
020 _a84-87137-29-6
080 _a860-1"19"
100 1 _aTorre, Josefina de la.
_9110744
245 1 0 _aPoemas de la isla /
_cJosefina de la Torre ; [edición de Lázaro Santana].
260 _aIslas Canarias :
_bViceconsejería de Cultura y Deportes,
_c1989.
300 _a167 p ;
_c21 cm.
490 1 _aBiblioteca básica canaria ;
_v30
700 0 _aSantana, Lázaro,
_d1940-
_9103324
710 1 _aCanarias.
_bViceconsejería de Cultura y Deportes.
_92427
830 0 _aBiblioteca básica canaria ;
_v30
_9177611
852 _aES-MaACL
_jL-19773
999 _c12398
_d12398